Industrial Psychology (Record no. 3668)

MARC details
000 -LEADER
fixed length control field 00384nam a2200169Ia 4500
008 - FIXED-LENGTH DATA ELEMENTS--GENERAL INFORMATION
fixed length control field 221030s9999 xx 000 0 und d
020 ## - INTERNATIONAL STANDARD BOOK NUMBER
ISBN 8123908601
041 ## - LANGUAGE CODE
Language code of text/sound track or separate title
082 ## - DEWEY DECIMAL CLASSIFICATION NUMBER
Classification number 105.23
100 ## - MAIN ENTRY--AUTHOR NAME
Personal name M. L. Blum
245 #0 - TITLE STATEMENT
Title Industrial Psychology
260 ## - PUBLICATION, DISTRIBUTION, ETC. (IMPRINT)
Name of publisher CBS Pub
Place of publication New Delhi
Year of publication 2004
300 ## - PHYSICAL DESCRIPTION
Number of Pages 631
650 ## - SUBJECT ADDED ENTRY--TOPICAL TERM
Topical Term BB Management
700 ## - ADDED ENTRY--PERSONAL NAME
Personal name J. C. Naylor
942 ## - ADDED ENTRY ELEMENTS (KOHA)
Koha item type Books
Holdings
Accession Number Cost, normal purchase price Full call number Price effective from Koha item type Withdrawn / writtenoff status Materials specified (bound volume or other part) Damaged status Not for loan Permanent Location Current Location Shelving location Date acquired Lost/ Missing status department
BB 86 245.00 105.23 10/30/2022 Books   Print     MIET Library, Jammu MIET Library, Jammu BL-Second, FL-1, CUP-87, SH-4, R-4 05/01/2007   BB
BB 87 245.00 105.23 10/30/2022 Books   Print     MIET Library, Jammu MIET Library, Jammu BL-Second, FL-1, CUP-87, SH-4, R-4 05/01/2007   BB
BB 88 245.00 105.23 10/30/2022 Books   Print     MIET Library, Jammu MIET Library, Jammu BL-Second, FL-1, CUP-87, SH-4, R-4 05/01/2007   BB
BB 89 245.00 105.23 10/30/2022 Books   Print     MIET Library, Jammu MIET Library, Jammu BL-Second, FL-1, CUP-87, SH-4, R-4 05/01/2007   BB
BB 90 245.00 105.23 10/30/2022 Books   Print     MIET Library, Jammu MIET Library, Jammu BL-Second, FL-1, CUP-87, SH-4, R-4 05/01/2007   BB
BB 91 245.00 105.23 10/30/2022 Books   Print     MIET Library, Jammu MIET Library, Jammu BL-Second, FL-1, CUP-87, SH-4, R-4 05/01/2007   BB
BB 92 245.00 105.23 10/30/2022 Books   Print     MIET Library, Jammu MIET Library, Jammu BL-Second, FL-1, CUP-87, SH-4, R-4 05/01/2007   BB
BB 93 245.00 105.23 10/30/2022 Books   Print     MIET Library, Jammu MIET Library, Jammu BL-Second, FL-1, CUP-87, SH-4, R-4 05/01/2007   BB
BB 94 245.00 105.23 10/30/2022 Books   Print     MIET Library, Jammu MIET Library, Jammu BL-Second, FL-1, CUP-87, SH-4, R-4 05/01/2007   BB
BB 95 245.00 105.23 10/30/2022 Books   Print     MIET Library, Jammu MIET Library, Jammu BL-Second, FL-1, CUP-87, SH-4, R-4 05/01/2007   BB
BB 96 245.00 105.23 10/30/2022 Books   Print     MIET Library, Jammu MIET Library, Jammu BL-Second, FL-1, CUP-87, SH-4, R-4 05/01/2007   BB